000 00509nam a22001817a 4500
003 SISC
005 20181013095251.0
008 170119b xxu||||| |||| 00| 0 eng d
020 _a9780545908597
050 _aPZ7.A9529
_b2015
100 _aAveyard, Victoria
245 _aRed queen/
_cVictoria Aveyard
260 _aNew York:
_bScholastics Inc. ;
_cc2015.
300 _a388 pages;
_c20 cm.
650 _2OCLC
_aGovernment, Resistance to
_vPrincesses
_vPsychic ability
942 _2lcc
_cBK
999 _c305392
_d305392